000 008070000a22002410004500
003 LK-CoMWRAF
005 20231201111018.0
008 230817t ||||| |||| 00| 0 eng d
040 _aLK-CoMWRAF
_dLK-CoMWRAF
_eLK-CoMWRAF
041 _aeng
082 _a891.483
_bKAT
100 _aමහමූඩ්. මුහමඩ්
245 _aකතා මුතු :
_bසිව්වෙනි කොටස
246 _aKatha muthu : Siwweni kotasa
260 _aකොළඹ :
_bඉස්ලාම් සංස්කෘතික මධ්‍යස්ථානය,
300 _aපි. 256
490 _a04 වෙනි වෙළුම
650 _aසිංහල ප්‍ර‍බන්ධ
650 _aIslam
650 _aSinhala Text
700 _aMallawathanthri,, P.W.
_eed.
942 _cBK
999 _c2335
_d2335